Score 0/15 Timer 05:00
26 Plays Today
% Correct
Queen Elizabeth II
95.5%
Elvis Presley
95.3%
Albert Einstein
92.4%
The Joker
90.7%
Muhammad Ali
90%
Nicolas Cage
87.4%
Oprah Winfrey
86.9%
Go
85.9%
% Correct
Ronald Reagan
84.5%
Hulk Hogan
84%
Will Smith
83.6%
Mother Teresa
82.2%
Madonna
80%
Julia Roberts
69.5%
Slash
63.3%
Remove Ads.
Support Sporcle.
Get the best of Sporcle when you Go Orange. This ad-free experience offers more features, more stats, and more fun while also helping to support Sporcle. Thank you for becoming a member.

You're not logged in!

Compare scores with friends on all Sporcle quizzes.
OR
Log In

Show Comments

Extras

Top Quizzes Today


Score Distribution

Your Account Isn't Verified!

In order to create a playlist on Sporcle, you need to verify the email address you used during registration. Go to your Sporcle Settings to finish the process.

Report this User

Report this user for behavior that violates our Community Guidelines.

Details: